Novo guia dos canários (Record no. 44837)
[ view plain ]
| 000 -Etiqueta do registo | |
|---|---|
| Valores | 00740cam a2200265 4500 |
| 010 ## - Número ISBN | |
| ISBN | 9722318705 |
| 021 ## - Número do Depósito Legal | |
| Número | 74019/94 |
| 100 ## - Dados gerais de processamento | |
| Dados gerais | 19950530d1995 m y0pory5003 ba |
| 101 1# - Língua de publicação | |
| Língua | por |
| 102 ## - País de publicação | |
| País | PT |
| 200 1# - Titulo e menção de responsabilidade | |
| Título próprio | Novo guia dos canários |
| Primeira menção de responsabilidade | Otto von Frisch |
| Outras menções de responsabilidade | trad. Hugo Carvalho |
| -- | fotog. Uwe Anders |
| -- | des. Steffen Walentowitz |
| 205 ## - Menção da edição | |
| Edição | 1.ª ed. |
| 210 #9 - Publicação | |
| Local de publicação | Lisboa |
| Nome do editor | Presença, |
| Data de publicação | 1995 |
| 215 ## - Descrição física | |
| Paginação / Volumes | 77 p. a 2 colns. |
| Outras indicações físicas | il. |
| Dimensões | 21 cm |
| 225 2# - Colecção | |
| Título próprio da colecção | Habitat |
| Indicação de volume | 131 |
| 304 ## - Nota relativa ao título | |
| Texto de nota | Tít. orig. : Kanarienvögel |
| 675 ## - CDU | |
| Notação | 636.68 |
| 700 #1 - Autor principal | |
| Apelido | Frisch, |
| Nome | Otto von |
| 702 #1 - Autor secundário | |
| Apelido | Carvalho, |
| Nome | Hugo |
| Função | 730 |
| 702 #1 - Autor secundário | |
| Apelido | Anders, |
| Nome | Uwe |
| Função | 600 |
| 702 #1 - Autor secundário | |
| Apelido | Walentowitz, |
| Nome | Steffen |
| Função | 440 |
| 801 #0 - Fonte de origem | |
| País | PT |
| Agência | BN |
| Regras de catalogação | RPC |
| 990 ## - Elementos KOHA | |
| Tipo de documento | Livro |
| Aquisição | Empréstimo | Código de barras | Cota | Permissão de empréstimo | Tipo de documento |
|---|---|---|---|---|---|
| Biblioteca Itinerante | Biblioteca Itinerante | 055011 | 636.68 FRI | Livro |